Quizzes
Events
Quiz Creation
Community
Videos
Private Events
Remove Ads
Sign In
Join for FREE
Feedback
Dark Mode
Quiz Categories
Sports
Geography
Music
Movies
Television
Just For Fun
Miscellaneous
History
Literature
Language
Science
Gaming
Entertainment
Religion
Holiday
For Kids
Quiz Lab
Recent
Popular Today
Quiz Kudos Today
Editor Picks
Curator Picks
Quizzes by...
Day
Popularity
Type
Ratings
Length
Year
Community
Subscriptions
Recent Discussions
Orange Saloon
Badges
Playlists
Quests
Create
Leaderboards
Showdown
Live 5
Trivia Bingo
Activity
Puzzle Library
Sporcle Events
Private Events
Virtual Trivia
Globe League
Become a Host
Pub Owners
SporcleCon
Opinionation
Our Games
Videos
Blog
Mobile Apps
Partnerships
Remove Ads and Go Orange
Feedback
Literature
Harry Potter
A Song of Ice and Fire
The Hunger Games
Literary Character
Shakespeare
Book
Author
Novel
Poem
Young Adult
Children's Books
Play
Lord of the Rings
Literature
Harry Potter
A Song of Ice and Fire
The Hunger Games
Literary Character
Shakespeare
Book
Author
Novel
Poem
Young Adult
Children's Books
Play
Lord of the Rings
Random Quiz
Search Sporcle
×
Quiz Lab
Quiz Lab
Literature
throne
Type in answers that appear in a list
Type in answers that appear in a list
Classic
Best Score? Go Orange.
A Game of Thrones - Appendix: House Stark Stats
Can you name the Stark-related characters mentioned in the appendix of 'A Game of Thrones' by George R.R. Martin?
By
Gideaux
5m
62 Questions
229 Plays
229 Plays
229 Plays
Comments
Comments
Give Quiz Kudos
Give Quiz Kudos
-
- Ratings
hide this ad
More Info
Replay
Link that replays current quiz
Next Quiz
Link to next quiz in quiz playlist
You Got
0%
They Got
Avg Score
55%
Avg Friend Score
Upgrade to see
Score Distribution
Jump to the score distribution portion of the page
Score
0/62
Timer
05:00
0
Plays Today
Description
Answer
% Correct
Their children: Eldest daughter, eleven
Sansa Stark
95.2%
Lord of Winterfell, Warden of the North
Eddard Stark
94.8%
Their children: Heir to Winterfell, fourteen years of age
Robb Stark
94.8%
Their children: Younger daughter, a girl of nine
Arya Stark
94.8%
His bastard son: Boy of fourteen
Jon Snow
94.8%
Ancestor
Brandon Stark
94.3%
Their children: Seven
Brandon Stark
94.3%
His siblings: Elder brother
Brandon Stark
94.3%
Their children: Boy of three
Rickon Stark
93.9%
Stark sigil
Direwolf
93.4%
His ward: Heir to the Iron Islands
Theon Greyjoy
93%
His siblings: Younger sister
Lyanna Stark
93%
His siblings: Younger brother/
Man of the Night's Watch
Benjen Stark
92.6%
Stark words
Winter is Coming
91.7%
His wife
Catelyn Stark
91.7%
His household: Counselor, healer and tutor
Maester Luwin
86.9%
His household: Captain of the guard
Jory Cassel
85.2%
His household: Master-
at-
arms
Ser Rodrik Cassel
84.3%
His daughter/
Sansa's closest friend
Jeyne Poole
83.4%
Her great-
grandson: A simpleminded stableboy
Hodor
82.5%
His household: Storyteller/
Once a wet nurse
Old Nan
79.5%
His household: Tutor to Lord Stark's daughters
Septa Mordane
77.7%
Stark colors
Grey and white
74.2%
His principal lords bannermen: Lord of the Dreadfort
Roose Bolton
70.3%
His principal lords bannermen: Lord of Karhold
Rickard Karstark
68.6%
Principal house sworn to Winterfell
Karstark
63.8%
Principal house sworn to Winterfell
Mormont
62.4%
Principal house sworn to Winterfell
Umber
62%
Principal house sworn to Winterfell
Bolton
62%
His principal lords bannermen: Lady of Bear Island
Maege Mormont
60.3%
His household: Smith and armorer
Mikken
59%
Description
Answer
% Correct
His household: Steward of Winterfell
Vayon Poole
55.5%
Principal house sworn to Winterfell
Manderly
55.5%
Principal house sworn to Winterfell
Glover
52.4%
His principal lords bannermen: Lord of White Harbor
Wyman Manderly
52%
His principal lords bannermen
Jon Umber
51.5%
His young daughter
Beth Cassel
50.7%
Principal house sworn to Winterfell
Reed
50.2%
Principal house sworn to Winterfell
Cerwyn
40.6%
His household: Master of horse
Hullen
39.7%
His son: A guardsman
Harwin
37.1%
Principal house sworn to Winterfell
Flint
32.8%
Principal house sworn to Winterfell
Hornwood
30.1%
His household: Keeper of the castle sept and library
Septon Chayle
29.3%
His household: Kennelmaster
Farlen
28.8%
His principal lords bannermen
Robett Glover
27.9%
His principal lords bannermen
Galbart Glover
26.6%
Principal house sworn to Winterfell
Tallhart
25.8%
His household: Cook
Gage
25.3%
Guardsman
Desmond
20.5%
Guardsman
Alyn
19.2%
Guardsman
Tomard
17.9%
Guardsman
Hallis Mollen
16.2%
Guardsman
Wyl
13.1%
His principal lords bannermen
Ser Helman Tallhart
13.1%
Guardsman
Jacks
12.7%
Guardsman
Quent
12.7%
Guardsman
Varly
11.8%
Guardsman
Porther
10.5%
Guardsman
Heward
10.5%
Guardsman
Cayn
10.5%
A stableman and horse trainer
Joseth
9.2%
Quiz Playlist
Details
Report
Send in Message
Add To Playlist
More Info:
Surnames (if known) are required for all non-Stark characters to be accepted. Nicknames will be accepted.
Classic:
Type in answers that appear in a list
Last Updated: Feb 16, 2017
Quiz Scoreboard
CHALLENGE
Sign Up to Join the Scoreboard
Show All
Scores
Hide
Comments
May contain spoilers
Recently Published
9x9 Crossword: Cartoon Network
by jackfrog10
Miscellaneous
3m
College Basketball Coaching Resumes
by pancakes188
Sports
9m
Billboard Blitz: Fleetwood Mac
by CooCooCachoo
Music
15s
More to Explore
Quiz From the Vault
Featured Blog Post
Where Did the Easter Bunny Come From?
hide this ad
You Might Also Like...
Tags
Character
description
Extra
george
house
stark
throne
Today's Top Quizzes in Literature
Browse Literature
hide this ad
Today's Top Quizzes in throne
Browse throne
Top Contributed Quizzes in Literature
1
Sneaky Slytherin Logic Puzzle
2
Get The Picture: Black or White Literature
3
5-to-1: Plays
4
A Court of Thorns and Roses (ACoTaR) Logic Puzzle
5
One Thing in Common: Literature
6
One Thing in Common: Literature II
7
One Thing in Common: Literature 3
8
One Thing in Common: Books
9
Literary Siblings Odd One Out III
10
Harry Potter Neighbourly Logic Puzzle #1
Explore More
Trending Topics
Anime
Harry Potter
NBA
Marvel
Disney
Kpop
Crossword
Puzzle
Pokémon
Country
The Office
Soccer
NFL
WWE
Song
hide this ad
More By:
Gideaux
Quiz
Plays
Rating
Category
Featured
Created
A Game of Thrones - Appendix: House Stark
229
Literature
Jan 16, 2017
Blade & Soul Grab Bag
54
3.00
Gaming
Dec 22, 2015
Go to Creator's Profile
Score Distribution
Quiz Creator Spotlight
Gideaux
Follow
Send a Message
Quizzes Created
-
Created Quiz Play Count
-
More By This Creator
Popular Quizzes Today
1
Find the US States - No Outlines Minefield
2
Find the Countries of Europe - No Outlines Minefield
3
The Countries of the World
4
Find the US States
5
Risky Map Clicking: Biggest States A-Z
6
US States
7
Popular People in 1961
8
Movies - When Are They Set?
More Literature Quizzes
Harry Potter Characters: First Appearance VIII
Quiz Lab
Trending Quizzes
Risky Map Clicking: Least Populous States A-Z
1-10 Letter G Words
1-10 Letter F Words
Risky Map Clicking: Next State Alphabetically
Adjectives in 80s TV Shows
Recently Updated
Leaping Animals
pecheneg
Reality TV Shows (A-Z)
bhenderson79
Rickey Henderson's Hall of Fame Teammates
pecheneg
Champions League XIs: Arsenal
pecheneg
Quick Pick: Celebrities in WWE's Hall of Fame
aduchscher
A-Z Keypad Blitz II
pecheneg
Multiple Oscar Actors
pecheneg
Mystery Phrase Blitz: Oscar 'Best Actors'
pecheneg
F. Scott Fitzgerald Novels
LTH
Pick 3 Villains
ddd62291
Trending Topics
Disney
Kpop
Anime
NBA
Marvel
Harry Potter
Crossword
Country
Pokémon
Song
Puzzle
NFL
WWE
The Office
Soccer
Your Account Isn't Verified!
In order to create a playlist on Sporcle, you need to verify the email address you used during registration. Go to your
Sporcle Settings
to finish the process.
Report this User
Report this user for behavior that violates our
Community Guidelines
.
Details:
Send Report
Go to the Sporcle.com Mobile Site →
Comments